Normal view
MARC view
- LINEAR INTEGRATED CIRCUIT-DESIGN AND CONSTRUCTION METAL OXIDE SEMICONDUCTORS, COMPLIMENTARY ANALOG CMOS INTEGRATED CIRCUITS
Entry Topical Term
001 - CONTROL NUMBER
- control field: 58275
003 - CONTROL NUMBER IDENTIFIER
- control field: NUST
005 - DATE AND TIME OF LATEST TRANSACTION
- control field: 20210628202110.0
008 - FIXED-LENGTH DATA ELEMENTS
- fixed length control field: 210628|| aca||aabn | a|a d
040 ## - CATALOGING SOURCE
- Original cataloging agency: NUST
- Transcribing agency: NUST
150 ## - HEADING--TOPICAL TERM
- Topical term or geographic name entry element: LINEAR INTEGRATED CIRCUIT-DESIGN AND CONSTRUCTION METAL OXIDE SEMICONDUCTORS, COMPLIMENTARY ANALOG CMOS INTEGRATED CIRCUITS
670 ## - SOURCE DATA FOUND
- Source citation: Work cat.: (NUST): Behzad Razavi Razavi, Behzad 58274, Design of analog cmos integrated circuits, 2001
